| 000 | 00387nam a22001337a 4500 | ||
|---|---|---|---|
| 020 | _a9780674013605 | ||
| 082 |
_a340.1 _bPOS |
||
| 100 | _aPosner, Richard A. | ||
| 245 |
_aFrontiers of Legal Theory / _cRichard A. Posner |
||
| 260 |
_aLondon : _bHarvard University Press, _c2004. |
||
| 300 |
_a453p. ; _c24 cm. |
||
| 942 |
_2ddc _cBK |
||
| 999 |
_c588446 _d588446 |
||